000 00457nam a22001577a 4500
020 _a9788181113115
082 _aH1
_bARA/R
100 _aAravindakshan A
_946739
245 _aRam ki yatra/
_cby Aravindakshan A
260 _aMadhura:
_bJawahar Pusthakalay,
_c2015.
300 _a48p.
650 _aPoetry Hindi
_946740
650 _aLiterature Hindi
_946741
650 _aLiterature
_946742
942 _cBK
999 _c71671
_d71671